Prvý pokus o Matušku

Bibliographic Details
Main Authors: Števček, Pavol, 1932-2003 (Author), Patera, Ludvík, 1927-2003 (Author)
Format: Article
Language:Slovak
Subjects:

MARC

LEADER 00000nab a2200000 a 4500
001 vtls000256235
003 SK-MaSNL
005 20260305044555.0
008 250423c1986 xo 0 slo
015 |a SNBRB19rr/mm-uuuuu 
035 |a CL0266349 
035 |a urn:nbn:sk:snk-abbg1v 
035 |a (urnnbn)urn:nbn:sk:snk:ar-000iml 
035 |a (uuid)bf152add-0dcd-42a5-b464-a0cfa7997d3a 
040 |a SNKBUCL  |b slo  |c SNKBUCL  |e AACR2 
041 0 |a slo 
044 |a xo  |c SK 
080 |a 82:929:885.4(048)  |2 1981 
080 |a 929  |2 1981 
080 |a 885.4(048)  |2 1981 
080 |a 885.4  |2 1981 
080 |a 929(048)  |2 1981 
100 1 |a Števček, Pavol,  |d 1932-2003  |4 aut  |9 103687 
245 1 0 |a Prvý pokus o Matušku  |c Pavol Števček ; Ludvík Patera 
600 1 7 |a Matuška, Alexander,  |d 1910-1975  |2 snkbucl  |9 257897 
655 7 |a články z novín a časopisov  |2 snkbucl  |9 267496 
655 7 |a články z odboru literárna veda a krásna literatúra  |2 snkbucl  |9 770045 
700 1 |a Patera, Ludvík,  |d 1927-2003  |4 aut  |9 158313 
773 0 |t Romboid  |g Roč. 21, č. 9 (1986), s. 70-72 
787 0 8 |i Rec.:  |a Patera, Ludvík  |t Alexander Matuška  |d Praha : Melantrich, 1985 
850 |a Slovenská národná knižnica 
852 |a Slovenská národná knižnica 
958 |a article15 
958 |a BX 
958 |a RK 
958 |a CZ 
958 |a LX 
958 |a OND 
958 |a EUIPO 
992 |a RBX 
999 |c 3359429  |d 3361359